| 000 | 00000nam 22000008a 4500 |
| 001 | 9.841046 |
| 003 | CaOODSP |
| 005 | 20221107152007 |
| 007 | cr ||||||||||| |
| 008 | 170802q2011 oncd||||o f00| 0 eng d |
| 040 | |aCaOODSP|beng |
| 043 | |an-cn--- |
| 086 | 1 |aHP60-8/2011E-PDF |
| 245 | 00|aNational surveillance of antimicrobial susceptibilities of Neisseria gonorrhoeae |h[electronic resource] : |bsummary report 2005-2008 / |cprepared by Irene Martin ... [et al.]. |
| 260 | |aWinnipeg, Man. : |bPublic Health Agency of Canada, National Microbiology Laboratory, |c[2011] |
| 300 | |a21 p. : |bcharts |
| 500 | |aIssued also in French under title: Surveillance nationale de la sensibilité aux antimicrobiens de Neisseria gonorrhoeae : rapport sommaire 2005-2008. |
| 500 | |aIssued by "Streptococcus and STI Unit, Bacteriology and Enteric Diseases Program, National Microbiology Laboratory, Public Health Agency of Canada." |
| 504 | |aIncludes bibliographical references. |
| 520 | |a"Neisseria gonorrhoeae, the causative agent of gonorrhea is the second most commonly reported bacterial sexually transmitted infection in Canada with 12,723 cases reported in 2008 ..."--Intro. |
| 692 | 07|2gccst|aSexually transmitted diseases |
| 700 | 1 |aMartin, Irene. |
| 710 | 2 |aEnteric Diseases Program (Canada). |
| 710 | 2 |aNational Microbiology Laboratory (Canada) |
| 710 | 2 |aPublic Health Agency of Canada. |
| 775 | 08|tSurveillance nationale de la sensibilité aux antimicrobiens de Neisseria gonorrhoeae |w(CaOODSP)9.841059 |
| 856 | 40|qPDF|s286 KB|uhttps://publications.gc.ca/collections/collection_2017/aspc-phac/HP60-8-2011-eng.pdf |